| 000 | 00577nam a22001817a 4500 | ||
|---|---|---|---|
| 003 | BUBTL | ||
| 008 | 190420b xxu||||| |||| 00| 0 eng d | ||
| 020 | _a984-70191-0028-7 | ||
| 082 | _a891.444 / ROM | ||
| 100 |
_92277 _aরোকেয়া, বেগম |
||
| 245 |
_aমতিচূর / _cবেগম রোকেয়া |
||
| 260 |
_aঢাকা : _bদর্পণ, _cc2008 |
||
| 300 |
_a168 p. : _c22 cm. |
||
| 650 | 0 |
_91692 _aবাংলা সাহিত্য |
|
| 856 |
_k0 _l0 _yDownload |
||
| 942 |
_2ddc _cBK |
||
| 999 |
_c5976 _d5976 |
||